Laboratorio de máquinas hidráulicas. Instructivo
Gespeichert in:
| 1. Verfasser: | |
|---|---|
| Format: | Buch |
| Sprache: | Spanish |
| Veröffentlicht: |
Cartago, Costa Rica] : Instituto Tecnológico de Costa Rica. Departamento de Manteniemiento Industrial
1979
|
| Schlagworte: | |
| Tags: |
Tag hinzufügen
Keine Tags, Fügen Sie den ersten Tag hinzu!
|
MARC
| LEADER | 00000nam a2200000Ia 4500 | ||
|---|---|---|---|
| 003 | 001959 | ||
| 005 | 20221231143958.0 | ||
| 008 | 140114s1979 cr a 000 ||spa d | ||
| 040 | |c cru CEDI | ||
| 082 | |2 621.2 L171L | ||
| 100 | |a Lafuente G., Jorge |9 21036 | ||
| 245 | |a Laboratorio de máquinas hidráulicas. Instructivo | ||
| 260 | |a Cartago, Costa Rica] : Instituto Tecnológico de Costa Rica. Departamento de Manteniemiento Industrial |c 1979 | ||
| 300 | |a 53 páginas | ||
| 650 | |x ENERGIA HIDRAULICA |x INGENIERÍA HIDRAÚLICA |x MAQUINAS HIDRAULICAS |9 21037 | ||
| 942 | |2 ddc |c BK | ||
| 999 | |c 15098 |d 15098 | ||
